Hush money (Record no. 71098)

MARC details
000 -LEADER
fixed length control field 01001cam a2200229 4500
001 - CONTROL NUMBER
control field ABS65819
008 - FIXED-LENGTH DATA ELEMENTS--GENERAL INFORMATION
fixed length control field 020905n2002 000 0 eng u
035 ## - SYSTEM CONTROL NUMBER
System control number (Sirsi) u119580
100 ## - MAIN ENTRY--PERSONAL NAME
Personal name Elliot, T.
245 ## - TITLE STATEMENT
Title Hush money
260 ## - PUBLICATION, DISTRIBUTION, ETC.
Date of publication, distribution, etc. 2002
490 ## - SERIES STATEMENT
Series statement Building
Volume/sequential designation 267(8248) 30 August 2002, 38(1)
520 ## - SUMMARY, ETC.
Summary, etc. Considers recent cases that concentrate on noise nusiance and warns there is likely to be many more to come. In Stannard vs Al Sharekh, the law of nuisance came to the aid of a tenant whose life was being spoilt by noisy neighbours upstairs. The layout of the upstairs flat had been changed and new floors had been installed. The judge subsequently ordered the necessary repairs to be carried out which abated the noise.
590 ## - LOCAL NOTE (RLIN)
Local note ABS
650 ## - SUBJECT ADDED ENTRY--TOPICAL TERM
Topical term or geographic name entry element NOISE NUISANCE
650 ## - SUBJECT ADDED ENTRY--TOPICAL TERM
Topical term or geographic name entry element STANNARD V CHARLES PITCHER LTD AND OTHERS
650 ## - SUBJECT ADDED ENTRY--TOPICAL TERM
Topical term or geographic name entry element FARLEY V SKINNER
650 ## - SUBJECT ADDED ENTRY--TOPICAL TERM
Topical term or geographic name entry element AIRCRAFT NOISE
650 ## - SUBJECT ADDED ENTRY--TOPICAL TERM
Topical term or geographic name entry element SURVEYORS' NEGLIGENCE
690 ## - LOCAL SUBJECT ADDED ENTRY--TOPICAL TERM (OCLC, RLIN)
Topical term or geographic name as entry element Dispute resolution
9 (RLIN) 6236
942 ## - ADDED ENTRY ELEMENTS (KOHA)
Suppress in OPAC 0
Holdings
Withdrawn status Lost status Source of classification or shelving scheme Damaged status Not for loan Home library Current library Shelving location Date acquired Total Checkouts Full call number Barcode Date last seen Copy number Price effective from Koha item type
    Dewey Decimal Classification     London London Journal article 05/09/2002   ABS65819 119580-1001 06/08/2019 1 06/08/2019 Journal article